000 00286 a2200097 4500
001 58708
100 _a
245 _aIntegral Calculus; For Beginners; with an Introduction to the study of differential of equations
260 _aNew Delhi
_bU.B.S Publisher
_c2004
090 _c36030
_d36030
942 _aNUST-CAE
_c
_c28926
999 _c293781
_d293781